[Event "ICS rated blitz match"]
[Site "204.178.125.65"]
[Date "2000.12.24"]
[Round "?"]
[White "Hossa"]
[Black "aguaraninu"]
[Result "1-0"]
[WhiteElo "2575"]
[BlackElo "2101"]
[PlyCount "43"]
[EventDate "2000.??.??"]

1. e4 e5 2. Nf3 Nc6 3. Bb5 a6 4. Ba4 Nf6 5. O-O b5 6. Bb3 Bc5 7. a4 Rb8 8. axb5
axb5 9. d3 d6 10. Be3 Bb6 11. Nc3 b4 12. Nd5 Nxd5 13. Bxd5 Ne7 14. Bc4 Be6 15.
Bxe6 fxe6 16. Ng5 Qc8 17. Qh5+ g6 18. Qh3 h6 19. b3 Ng8 20. Bxb6 cxb6 21. Ra7
Ne7 22. Nxe6 {aguaraninu resigns} 1-0

[Event "ICS rated blitz match"]
[Site "204.178.125.65"]
[Date "2000.12.24"]
[Round "?"]
[White "Hossa"]
[Black "mambrino"]
[Result "1-0"]
[WhiteElo "2577"]
[BlackElo "2050"]
[PlyCount "65"]
[EventDate "2000.??.??"]

1. e4 e6 2. d4 d5 3. e5 c5 4. c3 Nc6 5. Nf3 Qb6 6. Bd3 c4 7. Be2 Bd7 8. b3 cxb3
9. axb3 Nge7 10. Na3 Nf5 11. O-O Be7 12. Bd3 O-O 13. Bf4 f6 14. exf6 Bxf6 15.
Re1 Rae8 16. Nb5 Bd8 17. Nd6 Re7 18. Qc2 g6 19. Nxf5 exf5 20. Reb1 Re4 21. Bh6
Rfe8 22. Bxe4 fxe4 23. Ng5 Ne7 24. Qd2 Nf5 25. Nh3 e3 26. Bxe3 Nxe3 27. fxe3
Bxh3 28. gxh3 Bg5 29. Qg2 Bxe3+ 30. Kh1 Re4 31. Qf3 Qe6 32. Rxa7 Bh6 33. Ra8+ {
mambrino resigns} 1-0

[Event "ICS rated blitz match"]
[Site "204.178.125.65"]
[Date "2000.12.24"]
[Round "?"]
[White "mambrino"]
[Black "Hossa"]
[Result "0-1"]
[WhiteElo "2049"]
[BlackElo "2578"]
[PlyCount "39"]
[EventDate "2000.??.??"]

1. e4 c5 2. d3 e6 3. g3 d5 4. Qe2 dxe4 5. dxe4 Nc6 6. c3 Nf6 7. Nf3 e5 8. Bg2
Bd6 9. O-O O-O 10. Nbd2 Bc7 11. a4 Qe7 12. Nc4 Rd8 13. Nh4 Bg4 14. f3 Be6 15.
Ne3 g6 16. f4 exf4 17. gxf4 Nxe4 18. Bxe4 Qxh4 19. Bg2 Bxf4 20. Nf5 {
mambrino resigns} 0-1

[Event "ICS rated blitz match"]
[Site "204.178.125.65"]
[Date "2000.12.24"]
[Round "?"]
[White "Hossa"]
[Black "mambrino"]
[Result "1-0"]
[WhiteElo "2579"]
[BlackElo "2048"]
[PlyCount "135"]
[EventDate "2000.??.??"]

1. e4 e6 2. d4 d5 3. e5 c5 4. c3 Nc6 5. Nf3 Qb6 6. Bd3 cxd4 7. cxd4 Bd7 8. O-O
Nxd4 9. Nxd4 Qxd4 10. Nc3 a6 11. Re1 Ne7 12. Bg5 Nc6 13. Bc2 Qxd1 14. Raxd1 Nb4
15. Bb1 h6 16. Be3 Rc8 17. a3 Nc6 18. Bb6 Nd8 19. Rc1 Be7 20. f4 O-O 21. Bd3
Nc6 22. g4 f6 23. exf6 Bxf6 24. Rf1 Bd4+ 25. Bxd4 Nxd4 26. Rcd1 Nb3 27. f5 Nc5
28. fxe6 Bxe6 29. Bf5 Bxf5 30. Rxf5 Rxf5 31. gxf5 Rd8 32. b4 Nb3 33. Nxd5 Kf7
34. Kf2 a5 35. Kf3 axb4 36. axb4 Na1 37. Rd2 Nc2 38. Rxc2 Rxd5 39. Rc7+ Kf6 40.
Rxb7 Rxf5+ 41. Kg3 Rd5 42. Rb8 Rd3+ 43. Kg4 Rd4+ 44. Kf3 Rd2 45. Rb6+ Kf5 46.
Rb5+ Kf6 47. h4 g5 48. hxg5+ hxg5 49. Ke3 Rb2 50. Kd4 g4 51. Kc3 Rb1 52. Rb8
Kg5 53. Kc2 Re1 54. b5 Re6 55. b6 Kf4 56. b7 Rb6 57. Kd2 Kg3 58. Ke3 Rb3+ 59.
Ke2 Kg2 60. Kd2 g3 61. Ke2 Rb2+ 62. Ke3 Kg1 63. Kf3 g2 64. Ke4 Kf1 65. Rf8+ Rf2
66. b8=Q g1=Q 67. Qb1+ Ke2 68. Qxg1 {mambrino resigns} 1-0

[Event "ICS rated blitz match"]
[Site "204.178.125.65"]
[Date "2000.12.24"]
[Round "?"]
[White "aguaraninu"]
[Black "Hossa"]
[Result "0-1"]
[WhiteElo "2120"]
[BlackElo "2580"]
[PlyCount "52"]
[EventDate "2000.??.??"]

1. e4 c5 2. Nf3 Nc6 3. d4 cxd4 4. Nxd4 e6 5. c4 Qh4 6. Nc3 Bb4 7. Qd3 Nf6 8.
Nxc6 dxc6 9. Bd2 O-O 10. g3 Qh5 11. Be2 Qa5 12. O-O Rd8 13. Qc2 Nxe4 14. Qxe4
Rxd2 15. Rfd1 f5 16. Qf4 Rxb2 17. Qg5 Bxc3 18. Rd8+ Kf7 19. Qh5+ Ke7 20. Qe8+
Kf6 21. Qf8+ Kg5 22. h4+ Kh6 23. Qf7 Rxe2 24. Rad1 Qb6 25. c5 Qxc5 26. Rf1 Bd4
{aguaraninu resigns} 0-1

[Event "ICS rated blitz match"]
[Site "204.178.125.65"]
[Date "2000.12.24"]
[Round "?"]
[White "mambrino"]
[Black "Hossa"]
[Result "0-1"]
[WhiteElo "2047"]
[BlackElo "2582"]
[PlyCount "52"]
[EventDate "2000.??.??"]

1. e4 c5 2. d3 e6 3. g3 d5 4. Nd2 Nc6 5. Bg2 Nf6 6. Ngf3 Be7 7. O-O O-O 8. Re1
dxe4 9. dxe4 e5 10. c3 Qc7 11. Qc2 Rd8 12. Nc4 Be6 13. Ne3 Qa5 14. Nh4 Nd4 15.
Qb1 c4 16. Bd2 Nc6 17. Qc2 Bc5 18. Nhf5 Qb6 19. Bf1 Nxe4 20. Qxe4 Rxd2 21. Qg4
g6 22. Qg5 Qxb2 23. Bxc4 Bxf5 24. Nxf5 Bxf2+ 25. Kh1 Bxe1 26. Qh6 Rxh2+ {
mambrino resigns} 0-1

[Event "ICS rated blitz match"]
[Site "204.178.125.65"]
[Date "2000.12.24"]
[Round "?"]
[White "Hossa"]
[Black "mambrino"]
[Result "1-0"]
[WhiteElo "2583"]
[BlackElo "2046"]
[PlyCount "23"]
[EventDate "2000.??.??"]

1. e4 e5 2. Nf3 Nc6 3. Bb5 a6 4. Ba4 d6 5. O-O Bg4 6. h3 h5 7. d3 Qf6 8. hxg4
hxg4 9. Ng5 Qh6 10. f3 Be7 11. Nh3 Qh4 12. fxg4 {mambrino resigns} 1-0

[Event "ICS rated blitz match"]
[Site "204.178.125.65"]
[Date "2000.12.24"]
[Round "?"]
[White "mambrino"]
[Black "Hossa"]
[Result "0-1"]
[WhiteElo "2045"]
[BlackElo "2584"]
[PlyCount "70"]
[EventDate "2000.??.??"]

1. e4 c5 2. d3 e6 3. g3 d5 4. Nd2 Nc6 5. Ngf3 Nf6 6. Bg2 dxe4 7. dxe4 Be7 8.
O-O O-O 9. c3 e5 10. Qc2 Qc7 11. Nc4 Rd8 12. Re1 Ng4 13. Ne3 Nxe3 14. Bxe3 Be6
15. a3 Na5 16. Nd2 b5 17. Rac1 Rd6 18. b4 cxb4 19. cxb4 Rc6 20. Qb2 Nc4 21.
Nxc4 bxc4 22. Qc3 Rb8 23. f4 Bf6 24. f5 Bc8 25. g4 a5 26. Bc5 Bg5 27. Rcd1 Rxc5
28. bxc5 Qxc5+ 29. Kh1 Rb3 30. Qc1 Bxc1 31. Rd8+ Qf8 32. Rxf8+ Kxf8 33. Rxc1 c3
34. h4 Rxa3 35. Kg1 Ba6 {mambrino resigns} 0-1

[Event "ICS rated blitz match"]
[Site "204.178.125.65"]
[Date "2000.12.24"]
[Round "?"]
[White "Hossa"]
[Black "mambrino"]
[Result "1-0"]
[WhiteElo "2587"]
[BlackElo "2042"]
[PlyCount "67"]
[EventDate "2000.??.??"]

1. e4 e6 2. d4 d5 3. e5 c5 4. c3 Nc6 5. Nf3 Qb6 6. Bd3 cxd4 7. cxd4 Bd7 8. O-O
Nxd4 9. Nxd4 Qxd4 10. Nc3 a6 11. Re1 Ne7 12. Bg5 Nc6 13. Bc2 Qxd1 14. Raxd1 Bc5
15. a3 h6 16. Bf4 O-O 17. Nxd5 exd5 18. Rxd5 Bxf2+ 19. Kxf2 Be6 20. Rd2 Rfd8
21. Be4 Rxd2+ 22. Bxd2 Nxe5 23. Bxb7 Rb8 24. Bxa6 Rxb2 25. Rxe5 Rxd2+ 26. Kg3
Ra2 27. Ra5 Kf8 28. Bd3 Ke7 29. Kf3 g5 30. h3 f5 31. Ra7+ Kf6 32. Ra6 Ke5 33.
Rxe6+ Kxe6 34. Bc4+ {mambrino resigns} 1-0

[Event "ICS rated blitz match"]
[Site "204.178.125.65"]
[Date "2000.12.24"]
[Round "?"]
[White "mambrino"]
[Black "Hossa"]
[Result "0-1"]
[WhiteElo "2041"]
[BlackElo "2588"]
[PlyCount "51"]
[EventDate "2000.??.??"]

1. e4 c5 2. d3 e6 3. g3 d5 4. Nd2 Nc6 5. Ngf3 Nf6 6. Bg2 dxe4 7. dxe4 Be7 8.
O-O O-O 9. a3 e5 10. Qe2 Nd4 11. Nxd4 cxd4 12. h3 Be6 13. f4 exf4 14. gxf4 Qb6
15. Kh1 Bd7 16. e5 Bb5 17. Nc4 Qe6 18. b3 Nd7 19. Bb2 Nb6 20. f5 Qd7 21. Nxb6
axb6 22. Qe4 Bxf1 23. Rxf1 Bxa3 24. Bxd4 Bc5 25. Bc3 b5 26. e6 {
mambrino resigns} 0-1

[Event "ICS rated blitz match"]
[Site "204.178.125.65"]
[Date "2000.12.24"]
[Round "?"]
[White "Hossa"]
[Black "mambrino"]
[Result "1-0"]
[WhiteElo "2589"]
[BlackElo "2040"]
[PlyCount "71"]
[EventDate "2000.??.??"]

1. e4 e6 2. d4 d5 3. e5 c5 4. c3 Nc6 5. Nf3 Qb6 6. Bd3 cxd4 7. cxd4 Bd7 8. O-O
Nxd4 9. Nxd4 Qxd4 10. Nc3 a6 11. Re1 Ne7 12. Bg5 Nc6 13. Bc2 Qxd1 14. Raxd1 h6
15. Bf4 Be7 16. Rd2 O-O 17. Rc1 f6 18. exf6 Bxf6 19. Ne2 Nb4 20. Bd6 Nxc2 21.
Bxf8 Kxf8 22. Rdxc2 Bc6 23. Nf4 Ke7 24. Re1 e5 25. Nh5 Kd6 26. Nxf6 gxf6 27. f3
d4 28. Kf2 Bd5 29. b3 f5 30. Rd1 Bc6 31. g3 Kd5 32. Rc4 b5 33. Rc3 Rd8 34. Rc2
Rd6 35. Rdc1 e4 36. Rc5+ {mambrino resigns} 1-0

[Event "ICS rated blitz match"]
[Site "204.178.125.65"]
[Date "2000.12.24"]
[Round "?"]
[White "mambrino"]
[Black "Hossa"]
[Result "0-1"]
[WhiteElo "2039"]
[BlackElo "2590"]
[PlyCount "56"]
[EventDate "2000.??.??"]

1. e4 c5 2. d3 e6 3. g3 d5 4. Nd2 Nc6 5. Bg2 Nf6 6. Ngf3 Be7 7. O-O O-O 8. Re1
dxe4 9. dxe4 e5 10. c3 Qc7 11. a4 Rd8 12. Qc2 b6 13. Nc4 Be6 14. Ne3 Ng4 15.
Nd5 Qb7 16. Nxe7+ Qxe7 17. h3 Nf6 18. Be3 Bc4 19. Rad1 Na5 20. Rxd8+ Rxd8 21.
Nd2 Bd3 22. Qc1 Qd6 23. b4 cxb4 24. cxb4 Qxb4 25. Qc7 Re8 26. Qxa7 Nc4 27. Rd1
Nxe3 28. fxe3 Bc2 {mambrino resigns} 0-1

[Event "ICS rated blitz match"]
[Site "204.178.125.65"]
[Date "2000.12.24"]
[Round "?"]
[White "Hossa"]
[Black "Bill-Meredith"]
[Result "1-0"]
[WhiteElo "2591"]
[BlackElo "1912"]
[PlyCount "57"]
[EventDate "2000.??.??"]

1. e4 e5 2. Nf3 Nc6 3. Bb5 Nd4 4. Nxd4 exd4 5. O-O a5 6. Qh5 Qf6 7. d3 c6 8.
Bc4 b5 9. Bb3 a4 10. Bg5 Qg6 11. Qxg6 hxg6 12. Bxf7+ Kxf7 13. Nd2 Be7 14. Nf3
Bb7 15. Bxe7 Nxe7 16. Nxd4 Rh7 17. f4 Rah8 18. Nf3 d6 19. Ng5+ Kg8 20. Nxh7
Rxh7 21. b3 a3 22. e5 dxe5 23. fxe5 c5 24. e6 Bd5 25. Rf7 Nf5 26. Re1 Nd6 27.
Rd7 Bxe6 28. Rxe6 Nf5 29. Re8# {Bill-Meredith checkmated} 1-0

[Event "ICS rated blitz match"]
[Site "204.178.125.65"]
[Date "2000.12.24"]
[Round "?"]
[White "Bill-Meredith"]
[Black "Hossa"]
[Result "0-1"]
[WhiteElo "1911"]
[BlackElo "2592"]
[PlyCount "64"]
[EventDate "2000.??.??"]

1. d4 d5 2. e3 Nf6 3. Bd3 c5 4. c3 Bg4 5. f3 Bh5 6. Nd2 cxd4 7. exd4 e6 8. g4
Bg6 9. Bxg6 hxg6 10. Ne2 Bd6 11. Nf1 Nfd7 12. Bf4 Bxf4 13. Nxf4 Qh4+ 14. Ng3
Qxg3+ 15. hxg3 Rxh1+ 16. Ke2 Rxd1 17. Rxd1 Nc6 18. Rh1 Ke7 19. Rh7 Rg8 20. g5
Kd6 21. Nd3 e5 22. f4 exd4 23. cxd4 Nxd4+ 24. Ke3 Nf5+ 25. Kf3 Re8 26. Ne5
Nxe5+ 27. fxe5+ Kxe5 28. g4 Nd6 29. Rxg7 Ne4 30. Ke3 Nxg5 31. Kd3 Kf6 32. Rxf7+
Nxf7 {Bill-Meredith resigns} 0-1

[Event "ICS rated blitz match"]
[Site "204.178.125.65"]
[Date "2000.12.24"]
[Round "?"]
[White "Hossa"]
[Black "Liff"]
[Result "1-0"]
[WhiteElo "2593"]
[BlackElo "2170"]
[PlyCount "31"]
[EventDate "2000.??.??"]

1. e4 c5 2. c3 d5 3. exd5 Qxd5 4. d4 Nf6 5. Nf3 Bg4 6. Nbd2 e6 7. Bc4 Qd8 8. h3
Bh5 9. Bb5+ Nbd7 10. g4 Bg6 11. g5 Nd5 12. Ne5 N5b6 13. Ndc4 a6 14. Nxb6 axb5
15. Nbxd7 Bd6 16. Nxc5 {Liff resigns} 1-0

[Event "ICS rated blitz match"]
[Site "204.178.125.65"]
[Date "2000.12.24"]
[Round "?"]
[White "Liff"]
[Black "Hossa"]
[Result "0-1"]
[WhiteElo "2167"]
[BlackElo "2596"]
[PlyCount "37"]
[EventDate "2000.??.??"]

1. d4 d5 2. f4 Nf6 3. e3 Bf5 4. c3 e6 5. Nd2 Bd6 6. Be2 c5 7. Ngf3 cxd4 8. cxd4
Qc7 9. O-O O-O 10. Ne5 Rc8 11. Kh1 Bc2 12. Qe1 Nc6 13. g4 Bb4 14. g5 Ne4 15.
Bf3 Nxe5 16. dxe5 Qa5 17. Bxe4 Bxe4+ 18. Kg1 Rxc1 19. Qxc1 {Liff resigns} 0-1

[Event "ICS rated blitz match"]
[Site "204.178.125.65"]
[Date "2000.12.24"]
[Round "?"]
[White "senky"]
[Black "Hossa"]
[Result "0-1"]
[WhiteElo "2077"]
[BlackElo "2598"]
[PlyCount "150"]
[EventDate "2000.??.??"]

1. d4 d5 2. Bg5 Nf6 3. Bxf6 exf6 4. e3 Bd6 5. c4 dxc4 6. Bxc4 O-O 7. Nc3 Nc6 8.
Qc2 Nb4 9. Qd2 Bf5 10. Rc1 Qd7 11. a3 Nc6 12. Nf3 Na5 13. Bd3 Bxd3 14. Qxd3 Nb3
15. Rd1 Qe6 16. O-O f5 17. Nd2 Nxd2 18. Rxd2 Qh6 19. g3 Qh3 20. Nb5 Rfd8 21.
Nxd6 cxd6 22. Rc1 f4 23. exf4 Re8 24. Re2 Rec8 25. Rxc8+ Rxc8 26. Rc2 Re8 27.
Re2 Rc8 28. Re1 Qd7 29. d5 a5 30. Qe2 Kf8 31. Kg2 b5 32. h4 Qb7 33. Qe4 g6 34.
Kh2 Rc4 35. Qe8+ Kg7 36. Re7 Qxd5 37. Re2 Rc1 38. Qe4 Qxe4 39. Rxe4 Rc2 40. b4
Rxf2+ 41. Kg1 Ra2 42. bxa5 Rxa3 43. Kg2 Rxa5 44. Rd4 Ra6 45. Rd5 Rb6 46. Kf3 b4
47. Rd2 b3 48. Rb2 f5 49. Ke3 Kh6 50. Kd4 Kh5 51. Ke3 Kg4 52. Kf2 d5 53. Kg2 d4
54. Kf2 d3 55. Ke3 Kxg3 56. Kxd3 Kxf4 57. Kc3 Kg3 58. Rb1 b2 59. Rxb2 Rxb2 60.
Kxb2 Kxh4 61. Kc2 Kg3 62. Kd2 Kf2 63. Kd3 h5 64. Kd4 h4 65. Ke5 Kf1 66. Kf6 h3
67. Kxg6 h2 68. Kxf5 h1=Q 69. Ke5 Qc6 70. Kf5 Qd6 71. Ke4 Kf2 72. Kf5 Kf3 73.
Kg5 Qe6 74. Kh5 Kf4 75. Kh4 Qh6# {senky checkmated} 0-1

[Event "ICS rated blitz match"]
[Site "204.178.125.65"]
[Date "2000.12.24"]
[Round "?"]
[White "Hossa"]
[Black "gimmeyoqueen"]
[Result "1-0"]
[WhiteElo "2600"]
[BlackElo "1999"]
[PlyCount "43"]
[EventDate "2000.??.??"]

1. e4 e6 2. d4 d5 3. e5 c5 4. c3 Nc6 5. Nf3 Qb6 6. Bd3 Bd7 7. dxc5 Bxc5 8. O-O
h6 9. b4 Bf8 10. Na3 a6 11. Nc2 Nge7 12. a4 Qc7 13. Qe2 g5 14. b5 Nb8 15. c4
dxc4 16. Bxc4 Bg7 17. Bb2 axb5 18. axb5 Rxa1 19. Rxa1 O-O 20. Ba3 Re8 21. Bd6
Qc8 22. Ra8 {gimmeyoqueen resigns} 1-0

[Event "ICS rated blitz match"]
[Site "204.178.125.65"]
[Date "2000.12.24"]
[Round "?"]
[White "QueenMaxima"]
[Black "Hossa"]
[Result "0-1"]
[WhiteElo "2478"]
[BlackElo "2601"]
[PlyCount "158"]
[EventDate "2000.??.??"]

1. e4 e6 2. d3 d5 3. Nd2 Nc6 4. Ngf3 e5 5. Be2 Nf6 6. O-O Be7 7. exd5 Qxd5 8.
c4 Qd8 9. b3 Bf5 10. Bb2 Qd6 11. Qb1 Nd7 12. Ne4 Qe6 13. Qd1 O-O-O 14. Ng3 Nc5
15. d4 exd4 16. Nxf5 Qxf5 17. Nxd4 Qf6 18. Bg4+ Kb8 19. Nxc6+ Qxc6 20. Qf3 Qxf3
21. Bxf3 f6 22. Rfe1 Rhe8 23. Bh5 Nd3 24. Bxe8 Nxe1 25. Rxe1 Bb4 26. Rf1 Rxe8
27. Rd1 b6 28. a3 Bd6 29. Kf1 Kb7 30. h4 a6 31. h5 Bf4 32. g3 Bd6 33. h6 gxh6
34. Bxf6 Rf8 35. Bg7 Rf3 36. b4 Bxg3 37. Kg2 Rf7 38. fxg3 Rxg7 39. Kf3 Rf7+ 40.
Ke3 Kc8 41. Rh1 Rf6 42. Rh5 Rc6 43. c5 bxc5 44. Rxc5 Rxc5 45. bxc5 Kd7 46. Kd3
Ke6 47. Kd4 h5 48. Ke4 c6 49. a4 a5 50. Kd4 Kf5 51. Ke3 Kg4 52. Kf2 Kh3 53. Kf3
h6 54. Kf2 h4 55. gxh4 Kxh4 56. Kf3 Kg5 57. Kg3 Kf6 58. Kf4 h5 59. Kg3 h4+ 60.
Kxh4 Ke5 61. Kg5 Kd5 62. Kf4 Kxc5 63. Ke3 Kb4 64. Kd3 Kxa4 65. Kc4 c5 66. Kc3
Kb5 67. Kd2 a4 68. Kc3 c4 69. Kc2 a3 70. Kc3 Kc5 71. Kc2 Kd4 72. Kc1 c3 73. Kb1
Kd3 74. Ka2 c2 75. Kb3 a2 76. Ka4 a1=R+ 77. Kb4 c1=Q 78. Kb5 Qc7 79. Kb4 Qb6# {
QueenMaxima checkmated} 0-1

[Event "ICS rated blitz match"]
[Site "204.178.125.65"]
[Date "2000.12.24"]
[Round "?"]
[White "aguaraninu"]
[Black "Hossa"]
[Result "0-1"]
[WhiteElo "2068"]
[BlackElo "2612"]
[PlyCount "60"]
[EventDate "2000.??.??"]

1. e4 e6 2. d4 d5 3. e5 c5 4. c3 Nc6 5. a3 Nge7 6. Nf3 Nf5 7. b4 cxd4 8. cxd4
Qb6 9. Bb2 a5 10. b5 Be7 11. Qd2 Na7 12. a4 Bd7 13. Bd3 Bb4 14. Bc3 Bxc3 15.
Qxc3 Rc8 16. Qb2 Nc6 17. Bxf5 exf5 18. O-O O-O 19. Nbd2 Nb4 20. Nb3 Rc2 21. Qb1
Rfc8 22. Nc5 Qc7 23. Ne1 Rc4 24. Qb2 b6 25. Nxd7 Qxd7 26. f4 Nc2 27. Rc1 Nxd4
28. Rxc4 Rxc4 29. Nd3 Rxa4 30. Rc1 Rc4 {aguaraninu resigns} 0-1

[Event "ICS rated blitz match"]
[Site "204.178.125.65"]
[Date "2000.12.24"]
[Round "?"]
[White "Hossa"]
[Black "up-tempo"]
[Result "1-0"]
[WhiteElo "2613"]
[BlackElo "2095"]
[PlyCount "51"]
[EventDate "2000.??.??"]

1. e4 c5 2. Nf3 d6 3. d4 cxd4 4. Nxd4 Nf6 5. Nc3 a6 6. Be2 e5 7. Nb3 Be6 8. O-O
Nbd7 9. Bg5 Rc8 10. Qd2 h6 11. Be3 Be7 12. Rad1 Qc7 13. a3 g5 14. Rfe1 O-O 15.
h4 Nh7 16. Nc1 f5 17. Nd5 Bxd5 18. Qxd5+ Kg7 19. Qe6 Rce8 20. exf5 Rf6 21. Qc4
Qxc4 22. Bxc4 Nhf8 23. hxg5 Rxf5 24. gxh6+ Kh8 25. g4 Rf6 26. g5 {
up-tempo resigns} 1-0

[Event "ICS rated blitz match"]
[Site "204.178.125.65"]
[Date "2000.12.24"]
[Round "?"]
[White "up-tempo"]
[Black "Hossa"]
[Result "0-1"]
[WhiteElo "2093"]
[BlackElo "2615"]
[PlyCount "30"]
[EventDate "2000.??.??"]

1. d4 d5 2. Nf3 Nf6 3. e3 c6 4. a3 e6 5. c4 dxc4 6. Bxc4 Bd6 7. Nc3 b5 8. Ba2
O-O 9. e4 b4 10. axb4 Bxb4 11. Bg5 Ba6 12. Qa4 Qb6 13. Bxf6 Bxc3+ 14. bxc3 Qb2
15. Bc4 Bxc4 {up-tempo resigns} 0-1

[Event "ICS rated blitz match"]
[Site "204.178.125.65"]
[Date "2000.12.24"]
[Round "?"]
[White "Hossa"]
[Black "up-tempo"]
[Result "1-0"]
[WhiteElo "2617"]
[BlackElo "2091"]
[PlyCount "50"]
[EventDate "2000.??.??"]

1. e4 c5 2. Nf3 d6 3. d4 cxd4 4. Nxd4 Nf6 5. Nc3 a6 6. Be2 e5 7. Nb3 Be6 8. O-O
Nbd7 9. Bg5 h6 10. Be3 Rc8 11. Qd2 g5 12. Rfd1 Be7 13. Nc1 O-O 14. a4 Rxc3 15.
Qxc3 Nxe4 16. Qb4 f5 17. Qxb7 a5 18. Nb3 Qc8 19. Nxa5 Qxb7 20. Nxb7 f4 21. Bc1
Rb8 22. Na5 d5 23. Nc6 Re8 24. Bh5 Bf7 25. Nxe7+ Rxe7 {up-tempo resigns} 1-0

[Event "ICS rated blitz match"]
[Site "204.178.125.65"]
[Date "2000.12.24"]
[Round "?"]
[White "KONTOS"]
[Black "Hossa"]
[Result "0-1"]
[WhiteElo "1946"]
[BlackElo "2618"]
[PlyCount "94"]
[EventDate "2000.??.??"]

1. e4 c5 2. f4 e5 3. Nf3 exf4 4. d3 g5 5. h4 f6 6. hxg5 fxg5 7. Ne5 Nf6 8. Be2
Rg8 9. Bh5+ Ke7 10. Nc3 Rg7 11. Qe2 Ke6 12. Ng4 Nxh5 13. Rxh5 Kf7 14. Bd2 Nc6
15. O-O-O Nd4 16. Qf2 d6 17. Rdh1 Bxg4 18. Rxh7 Ke8 19. Bxf4 gxf4 20. Qxf4 Qg5
21. Qxg5 Rxg5 22. Nd5 Rb8 23. Nc7+ Kd8 24. Nd5 Be6 25. Nf4 Bg8 26. Rh8 Kd7 27.
c3 Ne6 28. Nd5 Bg7 29. R8h5 Rxg2 30. Rf5 Nc7 31. Nf6+ Bxf6 32. Rxf6 Bxa2 33.
Rh7+ Kc6 34. e5 Ne8 35. Rff7 Bxf7 36. Rxf7 dxe5 37. b4 cxb4 38. cxb4 Rg4 39.
Kc2 Rxb4 40. Re7 Kd6 41. Rh7 Nf6 42. Rh6 Rf4 43. Rg6 Rg8 44. Kd2 Rxg6 45. Kc3
Nd5+ 46. Kd2 Rg2+ 47. Kd1 Rf1# {KONTOS checkmated} 0-1

[Event "ICS rated blitz match"]
[Site "204.178.125.65"]
[Date "2000.12.24"]
[Round "?"]
[White "Hossa"]
[Black "KONTOS"]
[Result "1-0"]
[WhiteElo "2619"]
[BlackElo "1945"]
[PlyCount "87"]
[EventDate "2000.??.??"]

1. e4 c5 2. Nf3 d6 3. d4 cxd4 4. Nxd4 Nf6 5. Nc3 g6 6. Be3 Bg7 7. f3 O-O 8. Qd2
Nc6 9. Bc4 Bd7 10. O-O-O Ne5 11. Bb3 Qa5 12. g4 Rfc8 13. Bh6 Bxh6 14. Qxh6 Nc4
15. Nce2 Be6 16. Nxe6 fxe6 17. h4 d5 18. h5 Qc5 19. hxg6 Qe3+ 20. Qxe3 Nxe3 21.
Rd3 Nc4 22. g5 dxe4 23. Rc3 exf3 24. Bxc4 Rxc4 25. Rxc4 fxe2 26. gxf6 exf6 27.
gxh7+ Kh8 28. Rc7 Rd8 29. Rxb7 Rf8 30. Rxa7 f5 31. Re1 e5 32. Rxe2 e4 33. Re3
f4 34. Rxe4 f3 35. Re1 f2 36. Rf1 Re8 37. Rd7 Re1+ 38. Rd1 Re2 39. Rh1 Re3 40.
Rd8+ Kg7 41. h8=Q+ Kg6 42. Rh6+ Kg5 43. Qf6+ Kg4 44. Rg8# {KONTOS checkmated}
1-0

[Event "ICS Rated blitz match"]
[Site "164.58.253.13"]
[Date "2000.12.26"]
[Round "?"]
[White "Hossa"]
[Black "MissSilicon"]
[Result "0-1"]
[WhiteElo "2169"]
[BlackElo "2352"]
[PlyCount "146"]
[EventDate "2000.??.??"]

1. e4 Nf6 2. e5 Nd5 3. c4 Nb6 4. c5 Nd5 5. Nc3 Nxc3 6. dxc3 d5 7. cxd6 exd6 8.
Nf3 Qe7 9. Bb5+ Bd7 10. Qb3 Bxb5 11. Qxb5+ c6 12. Qe2 dxe5 13. Qxe5 Qxe5+ 14.
Nxe5 Bd6 15. Bf4 Nd7 16. Ng6 Bxf4 17. Nxf4 g5 18. Nd3 O-O 19. O-O-O Rfe8 20. f4
f6 21. Rhf1 Rad8 22. fxg5 fxg5 23. b3 Kg7 24. Rf5 h6 25. Rd2 Nf6 26. Nc5 Re1+
27. Kc2 Rxd2+ 28. Kxd2 Ra1 29. Nxb7 Rxa2+ 30. Kd3 Rxg2 31. Nd8 Rxh2 32. Nxc6
Ra2 33. c4 g4 34. Rb5 g3 35. Rb7+ Kg6 36. Re7 g2 37. Re1 Nd7 38. Kd4 h5 39. Rg1
h4 40. Nb4 h3 41. Nxa2 Kh6 42. Nc3 h2 43. Rxg2 h1=Q 44. Rg3 Qh2 45. Ne4 Nf6 46.
Rc3 Qf4 47. Re3 Qg4 48. b4 Qd1+ 49. Kc3 Qa1+ 50. Kd3 Qb1+ 51. Kd4 Nxe4 52. Rxe4
Qxb4 53. Kd5 Qb7+ 54. Kd4 Qd7+ 55. Kc3 Qd6 56. Rd4 Qa3+ 57. Kc2 a5 58. Rd5 a4
59. Rd4 Qb3+ 60. Kd2 Qb2+ 61. Ke3 a3 62. Rd6+ Kg5 63. Rd5+ Kg4 64. Rd7 Qe5+ 65.
Kd2 a2 66. Rd8 Qa5+ 67. Kc2 a1=Q 68. Rg8+ Kh4 69. Rh8+ Qxh8 70. Kd3 Qhc3+ 71.
Ke2 Qc2+ 72. Kf3 Qac3+ 73. Kf4 Qg3# {Hossa checkmated} 0-1

[Event "ICS rated blitz match"]
[Site "164.58.253.13"]
[Date "2000.12.26"]
[Round "?"]
[White "MissSilicon"]
[Black "Hossa"]
[Result "1-0"]
[WhiteElo "2356"]
[BlackElo "2152"]
[PlyCount "117"]
[EventDate "2000.??.??"]

1. f4 Nf6 2. Nf3 g6 3. b3 Bg7 4. Bb2 d5 5. e3 Nc6 6. Be2 Bf5 7. a3 O-O 8. O-O
Qd7 9. Nh4 Be6 10. d4 Ng4 11. Qc1 a5 12. Bd3 Bf6 13. Nf3 Bf5 14. Bxf5 Qxf5 15.
h3 Nh6 16. g4 Qd7 17. g5 Qxh3 18. gxh6 Qg3+ 19. Kh1 Qh3+ 20. Nh2 Qxh6 21. c4
Rfd8 22. Kg2 dxc4 23. Qxc4 Qh4 24. Qb5 a4 25. b4 Ra7 26. Qc4 e6 27. Nc3 Rc8 28.
Rf2 Ne7 29. Rf3 Nf5 30. Ne4 Bg7 31. Rh3 Qe7 32. Rh1 h5 33. Qd3 b6 34. Nf3 c5
35. bxc5 bxc5 36. Nxc5 Rxc5 37. dxc5 Bxb2 38. e4 Nh6 39. Rb1 Rb7 40. c6 Rb6 41.
Qc2 Ng4 42. Nd4 Qc7 43. Rxb2 Rxb2 44. Qxb2 Qxf4 45. Qe2 Nf6 46. Rc3 Nxe4 47. c7
Nd6 48. c8=Q+ Nxc8 49. Rxc8+ Kg7 50. Nf3 Qg4+ 51. Kf2 g5 52. Qb2+ f6 53. Qb7+
Kg6 54. Ne5+ Kf5 55. Nxg4 hxg4 56. Ke3 e5 57. Qh7+ Ke6 58. Rc6+ Kd5 59. Qe4# {
Hossa checkmated} 1-0

[Event "ICS rated standard match"]
[Site "164.58.253.13"]
[Date "2000.12.26"]
[Round "?"]
[White "germanPatzer"]
[Black "Hossa"]
[Result "0-1"]
[WhiteElo "1955"]
[BlackElo "2170"]
[PlyCount "52"]
[EventDate "2000.??.??"]

1. Nf3 Nf6 2. c4 e6 3. g3 d5 4. Bg2 dxc4 5. O-O Bd6 6. Qa4+ Bd7 7. Qxc4 Nc6 8.
a3 e5 9. Qc2 O-O 10. Nc3 Nd4 11. Nxd4 exd4 12. Ne4 Bf5 13. Nxf6+ Qxf6 14. d3 c6
15. b4 Rfc8 16. Bb2 Rab8 17. Qc4 c5 18. bxc5 Bxc5 19. Qa4 Qe6 20. Rfe1 b5 21.
Qd1 Bh3 22. Rc1 Bxg2 23. Kxg2 Qa2 24. Rc2 Bxa3 25. Rxc8+ Rxc8 26. Bxd4 Qd5+ {
germanPatzer resigns} 0-1

[Event "ICS rated standard match"]
[Site "164.58.253.13"]
[Date "2000.12.26"]
[Round "?"]
[White "Hossa"]
[Black "germanPatzer"]
[Result "1-0"]
[WhiteElo "2190"]
[BlackElo "1948"]
[PlyCount "22"]
[EventDate "2000.??.??"]

1. d4 Nf6 2. c4 e6 3. Nf3 d5 4. g3 c5 5. cxd5 Nxd5 6. e4 Nb6 7. Nc3 cxd4 8.
Nxd4 Bc5 9. Bb5+ Bd7 10. Nxe6 fxe6 11. Qh5+ g6 {germanPatzer resigns} 1-0